[Event "WJun"]
[Site "Puerto Madryn ARG"]
[Date "2009.10.22"]
[Round "1"]
[White "Aguinaga,M"]
[Black "Karthikeyan,P1"]
[Result "1/2-1/2"]
[WhiteElo "2009"]
[BlackElo "2449"]

1.d4 Nf6 2.c4 e6 3.Nf3 Bb4+ 4.Bd2 a5 5.g3 b6 6.Bg2 Ba6 7.a3 Be7 8.Qc2 d5
9.cxd5 exd5 10.Nc3 O-O 11.O-O c5 12.Rfe1 Nc6 13.dxc5 bxc5 14.Rad1 d4 15.Ne4 Bxe2
16.Rc1 d3 17.Nxf6+ gxf6 18.Qa4 Qd7 19.Rc4 Rfc8 20.Nd4 cxd4 21.Bxc6 Rxc6 22.Qxc6 Qxc6
23.Rxc6 Rb8  1/2-1/2

[Event "8th TCh-Eur w"]
[Site "Novi Sad SRB"]
[Date "2009.10.23"]
[Round "2"]
[White "Misovic,S"]
[Black "Porat,Ma"]
[Result "0-1"]
[WhiteElo "1921"]
[BlackElo "2192"]

1.d4 Nf6 2.c4 e6 3.Nf3 Bb4+ 4.Bd2 Qe7 5.Qc2 Bxd2+ 6.Nbxd2 d6 7.e4 e5 8.d5 c5
9.dxc6 Nxc6 10.Be2 O-O 11.O-O Nh5 12.Rfd1 g6 13.Nf1 Bg4 14.Ne1 Bxe2 15.Qxe2 Nd4
16.Qe3 Rae8 17.Ng3 Ng7 18.Ne2 Nxe2+ 19.Qxe2 Ne6 20.Nc2 f5 21.f3 Rd8 22.Rd2 Qc7
23.b3 a5 24.Rad1 Qc6 25.Rd5 Nf4 26.Qd2 Nxd5 27.exd5 Qc5+ 28.Kh1 Rde8 29.Ne1 e4
30.f4 a4 31.Nc2 e3 32.Qe2 Re4 33.g3 Ra8 34.Rd3 axb3 35.axb3 Ra2 36.Rc3 Qa5
37.b4 Qxb4  0-1

[Event "Chigorin Mem Open"]
[Site "St Petersburg RUS"]
[Date "2009.10.23"]
[Round "8"]
[White "Fokin,A"]
[Black "Walseth,T"]
[Result "1/2-1/2"]
[WhiteElo "1912"]
[BlackElo "2020"]

1.d4 Nf6 2.c4 e6 3.Nf3 Bb4+ 4.Bd2 Qe7 5.Nc3 O-O 6.e3 b6 7.Be2 Bb7 8.O-O d6
9.a3 Bxc3 10.Bxc3 Ne4 11.Qc1 f5 12.Ne1 Nd7 13.Nd3 Rf6 14.Be1 Rh6 15.f3 Nef6
16.b4 c5 17.Bd2 g5 18.Nf2 g4 19.e4 Rg6 20.exf5 exf5 21.d5 gxf3 22.Bxf3 Ne5
23.Nh3 Nxf3+ 24.Rxf3 Qe4 25.Qf1 Ng4 26.Kh1 Ne5 27.Rf4 Qc2 28.Qd1 Qxd1+ 29.Rxd1 Nxc4
30.Bc1 b5 31.bxc5 dxc5 32.Rxf5 Bc8 33.Rf2 Bxh3 34.gxh3 Rd8 35.h4 Rf8 36.Re2 Kf7
37.Re4 Nd6 38.Re2 Re8 39.Rc2 c4 40.h5 Rf6 41.Bb2 Rf5 42.h6 Ne4 43.Bd4 Rxd5
44.Rf1+ Kg6 45.Bxa7 Kxh6 46.Be3+ Kg6 47.Rg2+ Kh5 48.Rf3 Rd1+ 49.Bg1 Ng5 50.Rf5 h6
51.Rxb5 Rc8 52.Rbb2 c3 53.Rbc2 Ra1  1/2-1/2

[Event "8th TCh-Eur w"]
[Site "Novi Sad SRB"]
[Date "2009.10.24"]
[Round "3"]
[White "Bensdorp,M"]
[Black "Rudolf,An"]
[Result "1/2-1/2"]
[WhiteElo "2325"]
[BlackElo "2286"]

1.d4 e6 2.c4 Nf6 3.Nf3 Bb4+ 4.Bd2 c5 5.Bxb4 cxb4 6.a3 bxa3 7.Rxa3 O-O 8.Nc3 d6
9.e3 Nc6 10.Be2 e5 11.O-O Bg4 12.Qd2 Re8 13.Rd1 e4 14.Ne1 Qd7 15.Rda1 Bxe2
16.Qxe2 b6 17.Nc2 a5 18.b4 Rac8 19.b5 Nb4 20.Na4 Nxc2 21.Qxc2 Qb7 22.Rc3 h6
23.Rc1 Red8 24.Qb3 Nd7 25.h3 Qb8 26.R3c2 Qb7 27.Rc3 Qb8 28.Qc2 Qb7 29.Qb1 Rc7
30.R1c2 Rcc8 31.Qb3 Qb8 32.Qa3 Nf6 33.Rc1 Nd7 34.R3c2 Nf6 35.Qb3 Nd7 36.g3 Qb7
37.Kg2 Qb8 38.Rc3 Qb7 39.R1c2 Qb8 40.c5 dxc5 41.dxc5 Nxc5 42.Nxc5 Rxc5 43.Rxc5 bxc5
44.Rxc5 Qd6 45.Rf5 Qd7 46.g4 g6 47.Re5 Qd3 48.Qa4 Rb8 49.Qxa5 Qd1 50.Rxe4 Qd5
51.f3 Ra8 52.Rd4 Qb7 53.Rd8+ Rxd8 54.Qxd8+ Kh7 55.Qd3 Qb6 56.h4 Kg8 57.e4 Qa5
58.Qe2 Qb4 59.e5 Kg7 60.Kg3 Qc5 61.Kg2 Qb4 62.Kh3 Qb1 63.Kg2 Qb4  1/2-1/2

[Event "Chigorin Mem Open"]
[Site "St Petersburg RUS"]
[Date "2009.10.24"]
[Round "9"]
[White "Lysyj,I"]
[Black "Abergel,T"]
[Result "1-0"]
[WhiteElo "2612"]
[BlackElo "2532"]

1.d4 Nf6 2.c4 e6 3.Nf3 Bb4+ 4.Bd2 Qe7 5.g3 Nc6 6.Nc3 Bxc3 7.Bxc3 Ne4 8.Rc1 d6
9.Bg2 O-O 10.d5 Nxc3 11.Rxc3 Nd8 12.O-O a5 13.Nd2 Bd7 14.Qc2 b6 15.dxe6 Nxe6
16.Bxa8 Rxa8 17.Re3 Bc6 18.Nf3 Qd7 19.Rd1 Bb7 20.Qf5 Qa4 21.b3 Qxa2 22.Ng5 Nxg5
23.Qxg5 Qc2 24.Rf1 h6 25.Qe7 Rc8 26.Qd7 Kf8 27.Qe7+ Kg8 28.Qd7 Kf8 29.f3 Qd2
30.Kf2 Qd4 31.Rc1 Qc5 32.Rc3 Ra8 33.Kf1 Qc6 34.Qf5 f6 35.Qh7 Re8 36.Rxe8+ Qxe8
37.Kf2 Kf7 38.Re3 Qc8 39.g4 Bc6 40.h4 Bd7 41.Qe4 Be6 42.Qf4 Kg6 43.Rd3 Qd7
44.Qe3 Kf7 45.g5 hxg5 46.hxg5 Qc8 47.Rd1 Qh8 48.Qf4 Qh5 49.Rg1 f5 50.g6+ Ke7
51.Ke1 Qh8 52.Kf2 Qh5 53.Rg2 Qh1 54.Rh2 Qa1 55.Qg5+ Kd7 56.Rh7 Kc6 57.Qe3 Qf6
58.Rxg7 Qxg7 59.Qxe6 Qd4+ 60.Kf1 Qh4 61.Qxf5 Qh1+ 62.Kf2 Qh2+ 63.Ke1 Qg1+
64.Kd2 Qd4+ 65.Qd3 Qb2+ 66.Ke3 Qf6 67.Qe4+ Kc5 68.Qg4 Qe5+ 69.Kf2 Qg7 70.Kg2 d5
71.Qf5 Kd4 72.Qf7 Qh6 73.Qxd5+ Kc3 74.Qe5+ Kxb3 75.g7 Qh7 76.c5 Kb4 77.Qe4+  1-0

[Event "17th TCh-Eur"]
[Site "Novi Sad SRB"]
[Date "2009.10.27"]
[Round "6"]
[White "Iotov,V"]
[Black "Cvek,R"]
[Result "1/2-1/2"]
[WhiteElo "2578"]
[BlackElo "2518"]

1.d4 Nf6 2.c4 e6 3.Nf3 Bb4+ 4.Bd2 a5 5.Qc2 d6 6.Nc3 Nbd7 7.a3 Bxc3 8.Bxc3 Qe7
9.e4 e5 10.d5 Nc5 11.Nd2 a4 12.Be2 Bd7 13.O-O g5 14.Rae1 h5 15.Bd1 h4 16.Qb1 b6
17.b4 axb3 18.Nxb3 Nxb3 19.Qxb3 Ba4 20.Qb1 Bxd1 21.Qxd1 Rxa3 22.Qc1 Ra4 23.Qc2 Ra8
24.f4 gxf4 25.Rxf4 h3 26.Rf5 hxg2 27.Qxg2 Rg8 28.Rg5 Rxg5 29.Qxg5 Ra3 30.Bd2 Ra2
31.h4 Nd7 32.Qg8+ Qf8 33.Qg5 Qe7 34.Qg8+ Qf8 35.Qg2 Qh8 36.Rf1 Nf6 37.Qg5 Ke7
38.Bc3 Rc2 39.Bxe5 dxe5 40.Qxe5+ Kf8 41.Qxf6 Qxf6 42.Rxf6 Rxc4 43.Rf4 c6
44.dxc6  1/2-1/2

[Event "8th TCh-Eur w"]
[Site "Novi Sad SRB"]
[Date "2009.10.30"]
[Round "9"]
[White "Dedijer,S"]
[Black "Gjorgjieva,I"]
[Result "1-0"]
[WhiteElo "2068"]
[BlackElo "1917"]

1.d4 Nf6 2.c4 e6 3.Nf3 Bb4+ 4.Bd2 a5 5.g3 b6 6.Bg2 Bb7 7.O-O Bxd2 8.Nbxd2 d6
9.Qc2 Nbd7 10.e4 e5 11.Rfe1 O-O 12.Rad1 g6 13.Nb1 Qe7 14.Nc3 c6 15.b3 Rac8
16.Qb2 Ba6 17.Bh3 Rcd8 18.Qa3 Bb7 19.dxe5 Nxe5 20.Bg2 Nxf3+ 21.Bxf3 Qc7 22.Rd2 Rd7
23.Red1 Rfd8 24.Bg2 Ne8 25.Bh3 Re7 26.f4 Bc8 27.Bg2 Bg4 28.Rf1 f5 29.h3 Bh5
30.exf5 gxf5 31.Qa4 Rg7 32.Kh2 Rc8 33.Ne2 Nf6 34.Nd4 Ne4 35.Bxe4 fxe4 36.Ne6 Qe7
37.Nxg7 Kxg7 38.g4 Bf7 39.Qa3 h5 40.Qxd6 Qh4 41.gxh5 Re8 42.Rg2+ Kh7 43.Qd4  1-0

[Event "TCh-NED 2009-10"]
[Site "Netherlands NED"]
[Date "2009.10.31"]
[Round "2"]
[White "Van de Griendt,JW"]
[Black "Wempe,Jo"]
[Result "1/2-1/2"]
[WhiteElo "2352"]
[BlackElo "2264"]

1.d4 Nf6 2.c4 e6 3.Nf3 Bb4+ 4.Bd2 Qe7 5.g3 Nc6 6.Bg2 Bxd2+ 7.Nbxd2 O-O 8.O-O d6
9.e4 e5 10.d5 Nb8 11.Ne1 a5 12.b3 c6 13.Nd3 Na6 14.a3 Bg4 15.f3 Bd7 16.Qe2 Rfc8
17.Rfe1 a4 18.dxc6 Bxc6 19.b4 b5 20.Qe3 Nc7 21.Rac1 Ne6 22.Bh3 Nd7 23.Bxe6 Qxe6
24.c5 d5 25.exd5 Qxd5 26.Ne4 f5 27.Nd6 Rf8 28.Rc3 e4  1/2-1/2

[Event "3rd Asian Indoor Team Rapid Prelim"]
[Site "Ha Long City VIE"]
[Date "2009.11.05"]
[Round "6"]
[White "Karavade,E"]
[Black "Paridar,S"]
[Result "1-0"]
[WhiteElo "2413"]
[BlackElo "2242"]

1.d4 Nf6 2.c4 e6 3.Nf3 Bb4+ 4.Bd2 a5 5.e3 b6 6.Bd3 Bb7 7.Nc3 Bxc3 8.Bxc3 Ne4
9.Rc1 d6 10.O-O Nd7 11.Be1 f5 12.Qc2 O-O 13.d5 Ndc5 14.dxe6 Nxe6 15.Nd4 N6c5
16.Be2 Ng5 17.f3 Qf6 18.Bf2 Rae8 19.Bd3 Nxd3 20.Qxd3 Qg6 21.Bg3 Re7 22.Rfe1 h5
23.Rf1 Rd7 24.Kh1 Rdf7 25.a3 Nh7 26.b4 axb4 27.axb4 Qh6 28.h4 g5 29.c5 bxc5
30.bxc5 dxc5 31.Nb5 Ba6 32.Qb3 c6 33.Nd6 Bxf1 34.Rxf1 gxh4 35.Nxf7 Rxf7 36.Bxh4 Kg7
37.Rd1 Nf6 38.Rd6 Kf8 39.Qb8+ Kg7 40.Qd8 Qg6 41.Rxc6 c4 42.Qd4 c3 43.Qxc3 f4
44.exf4 Qb1+ 45.Kh2 Qf5 46.Qe5 Qxe5 47.fxe5 Nd5 48.e6 Rf8 49.Rd6 Nf4 50.e7 Re8
51.Rd8 Kf7 52.Rxe8 Kxe8 53.Bg5 Ne6 54.Bh4 Nd4 55.Kh3 Nf5  1-0

[Event "FSGM November"]
[Site "Budapest HUN"]
[Date "2009.11.10"]
[Round "4"]
[White "Varga,Zo"]
[Black "Bui Vinh"]
[Result "1/2-1/2"]
[WhiteElo "2486"]
[BlackElo "2488"]

1.d4 Nf6 2.c4 e6 3.Nf3 Bb4+ 4.Bd2 Qe7 5.e3 O-O 6.Be2 b6 7.Bxb4 Qxb4+ 8.Qd2 Qxd2+
9.Nbxd2 d6 10.O-O Bb7 11.Rac1 c5 12.Rfd1 Rd8 13.Nb1 Nc6 14.Nc3 cxd4 15.Nxd4 Nxd4
16.Rxd4 Kf8 17.Rcd1 Ke7 18.g4 h6 19.h4 g5 20.Kh2 Bc6 21.Kg3 Rac8 22.f4 gxf4+
23.exf4 Rg8 24.g5 Ne8 25.Kf2 hxg5 26.hxg5 f6 27.gxf6+ Kxf6 28.Bf3 Ke7 29.Re1 Bxf3
30.Kxf3 Rc5 31.Nd5+  1/2-1/2

[Event "UTD Invitational A"]
[Site "Dallas USA"]
[Date "2009.11.23"]
[Round "3"]
[White "Izoria,Z"]
[Black "Simutowe,A"]
[Result "1/2-1/2"]
[WhiteElo "2589"]
[BlackElo "2481"]

1.d4 Nf6 2.c4 e6 3.Nf3 Bb4+ 4.Bd2 Qe7 5.g3 O-O 6.Bg2 a5 7.O-O Bxd2 8.Qxd2 d6
9.Nc3 e5 10.e4 Bg4 11.d5 Na6 12.Ne1 Nd7 13.Nd3 Ndc5  1/2-1/2

[Event "UTD Invitational A"]
[Site "Dallas USA"]
[Date "2009.11.28"]
[Round "8"]
[White "Zivanic,M"]
[Black "Simutowe,A"]
[Result "1/2-1/2"]
[WhiteElo "2472"]
[BlackElo "2481"]

1.d4 Nf6 2.Nf3 e6 3.c4 Bb4+ 4.Bd2 a5 5.Nc3 O-O 6.e3 b6 7.Bd3 Bb7 8.O-O d5
9.cxd5 exd5 10.Ne5 c5 11.a3 Bxc3 12.Bxc3 c4 13.Bc2 b5 14.f3 Nc6 15.Qe1 Qb6
16.Qh4 h6 17.Ng4 Nxg4 18.fxg4 Qd8  1/2-1/2

[Event "ch-IND National A"]
[Site "Mumbai IND"]
[Date "2009.12.02"]
[Round "2"]
[White "Thejkumar,M"]
[Black "Kunte,A"]
[Result "1/2-1/2"]
[WhiteElo "2453"]
[BlackElo "2522"]

1.d4 Nf6 2.Nf3 e6 3.c4 Bb4+ 4.Bd2 c5 5.Bxb4 cxb4 6.g3 O-O 7.Bg2 a5 8.a3 Na6
9.O-O d6 10.Nbd2 Re8 11.Ne1 Qb6 12.e3 e5 13.c5 dxc5 14.Nc4 Qc7 15.dxe5 Ng4
16.axb4 Be6 17.Nxa5 Nxb4 18.Qd6 Qxd6 19.exd6 Ra6 20.Bxb7 Rxd6 21.Rc1 Rd2
22.Nc4 Bxc4 23.Rxc4 Ne5 24.Rxc5 Rxb2 25.Rb5 g6 26.Nf3 Ned3 27.Nd4 Kg7 28.Nc6 Nxc6
29.Rxb2 Nxb2 30.Bxc6 Rc8 31.Bd5 Nd3 32.Ra1 Rc7 33.Ra4 Rc1+ 34.Kg2 Rc2 35.Ra2 Rxa2
36.Bxa2 f5 37.h3 h5 38.g4 hxg4 39.hxg4 fxg4 40.Be6 Kf6 41.Bxg4 g5  1/2-1/2

[Event "Open"]
[Site "Pilsen CZE"]
[Date "2009.12.11"]
[Round "8"]
[White "Zakharchenko,A"]
[Black "Palek,M"]
[Result "1-0"]
[WhiteElo "2206"]
[BlackElo "2233"]

1.d4 Nf6 2.c4 e6 3.Nf3 Bb4+ 4.Bd2 Qe7 5.g3 b6 6.Bg2 Bb7 7.O-O O-O 8.Bf4 Bd6
9.Bxd6 cxd6 10.Nc3 d5 11.Nd2 d6 12.cxd5 exd5 13.Qb3 Nc6 14.h3 Na5 15.Qb5 Rac8
16.Nxd5 Nxd5 17.Bxd5 Rc2 18.Bxb7 Qxb7 19.b4 Nc6 20.Nb3 a6 21.Qd5 Qc7 22.Rac1 Nxb4
23.Rxc2 Qxc2 24.Qxd6 Nxa2 25.Qxb6 a5 26.Nxa5 Nc3 27.Qc6 Nxe2+ 28.Kg2 Qf5
29.Nc4 Rc8 30.Nd6 Qxf2+ 31.Rxf2 Rxc6 32.Nxf7 Rc3 33.Nh6+ gxh6 34.Rxe2 Kf7  1-0

[Event "Tch-SLO League"]
[Site "Rogaska Slatina SLO"]
[Date "2009.12.12"]
[Round "3"]
[White "Brumen,D"]
[Black "Krumpacnik,D"]
[Result "1-0"]
[WhiteElo "2349"]
[BlackElo "2338"]

1.d4 e6 2.Nf3 Nf6 3.c4 Bb4+ 4.Bd2 Qe7 5.g3 O-O 6.Bg2 Bxd2+ 7.Qxd2 d6 8.Nc3 c6
9.O-O e5 10.e4 a5 11.h3 Na6 12.Rad1 Re8 13.Rfe1 Qc7 14.a3 Be6 15.d5 cxd5
16.Nxd5 Bxd5 17.cxd5 a4 18.Nh4 Nc5 19.Nf5 h6 20.g4 Nh7 21.h4 Qd8 22.Bf1 Qf6
23.Re3 g6 24.Nxh6+ Kg7 25.Bg2 Qxh4 26.Rh3 Qf6 27.Rf3 Qe7 28.Rxf7+ Qxf7 29.Nxf7 Kxf7
30.f4 Nf6 31.fxe5 Rxe5 32.Qh6 Rg8 33.Rf1 Ke7 34.g5 Ne8 35.Qh7+ Rg7 36.Qh8 Rf7
37.Qh6 Rxf1+ 38.Kxf1 Kf7 39.Qh4 Kg7 40.Bf3 Re7 41.Ke2 Kf7 42.Qf4+ Kg7 43.Ke3 Rf7
44.Qh2 Re7 45.Kd4 Kf7 46.Qf4+ Kg8 47.Qh2 Kg7 48.Qh6+ Kf7 49.Qh8 Re5 50.Qh4 Re7
51.Kc4 Kg7 52.Qe1 Kf8 53.e5 Rxe5 54.Qxe5 dxe5 55.Kxc5 Ke7 56.Be4 Kf7 57.Bc2 Ng7
58.Bxa4 Nf5 59.Bc2 Nd4 60.Bd1 Ke7 61.d6+ Kd8 62.Kd5 Nf5 63.Kxe5 Ne3 64.Be2  1-0

[Event "16th Open A"]
[Site "Zadar CRO"]
[Date "2009.12.14"]
[Round "3"]
[White "Jovanic,O"]
[Black "Dimitrov,R"]
[Result "1-0"]
[WhiteElo "2552"]
[BlackElo "2380"]

1.d4 Nf6 2.Nf3 e6 3.c4 Bb4+ 4.Bd2 Qe7 5.g3 Nc6 6.Nc3 Bxc3 7.Bxc3 Ne4 8.Rc1 O-O
9.Bg2 d6 10.O-O Nxc3 11.Rxc3 e5 12.d5 Nb8 13.Nd2 a5 14.c5 Na6 15.cxd6 cxd6
16.Nc4 Nc5 17.Qc2 Bg4 18.Rc1 Bd7 19.b3 Na6 20.Nb6 Rad8 21.a3 Rb8 22.Qd2 Qd8
23.Nc4 Bb5 24.Nb2 Qb6 25.a4 Bd7 26.Nc4 Qb4 27.R3c2 Rfc8 28.e4 b5 29.axb5 Bxb5
30.Bf1 Bxc4 31.Qe3 Nc5 32.Bxc4 f6 33.Qf3 Qa3 34.Kg2 Rb6 35.h4 Rcb8 36.Qf5 Qb4
37.h5 Rf8 38.Ra2 Rb7 39.Rca1 Ra7 40.Rc1 Qb6 41.Rac2 Qb8 42.Qf3 Rff7 43.Rc3 Rab7
44.Ra1 Qd8 45.Be2 Rb4 46.Rxc5 dxc5 47.Bc4 Ra7 48.d6+ Kh8 49.Qd3 Rb6 50.Qd5 Rxd6
51.Qxc5 Rdd7 52.Bd5 Re7 53.b4 a4 54.b5 Rec7 55.Qb4 Qe7 56.Rxa4 Rxa4 57.Qxa4 Ra7
58.Qc4 Rc7 59.Qb3 Rc8 60.b6 Qd6 61.b7 Rb8 62.Qc4 Qd8 63.Qc6 h6 64.Be6 Kh7
65.Bf5+ g6 66.Bxg6+ Kg7 67.Bf5 Qe7 68.Bc8 Kf8 69.Kh3 Kg7 70.Kg4 Qf7 71.Qd6 Rxb7
72.Bxb7 Qxb7 73.Kf5 Qc8+ 74.Qe6 Qd8 75.f3 Qf8 76.Qd7+ Kh8 77.g4 Qg8 78.Kxf6 Qf8+
79.Kxe5 Qc5+ 80.Qd5 Qe7+ 81.Kf4 Qf6+ 82.Qf5 Qh4 83.Qf8+ Kh7 84.Qf7+ Kh8 85.Qe8+ Kg7
86.Qg6+ Kf8 87.Qxh6+ Kf7 88.Qg6+ Kf8 89.Kf5  1-0

[Event "London Classic FIDE Open"]
[Site "London ENG"]
[Date "2009.12.15"]
[Round "9"]
[White "Arkell,K"]
[Black "Piper,M"]
[Result "1-0"]
[WhiteElo "2464"]
[BlackElo "2304"]

1.d4 Nf6 2.Nf3 e6 3.c4 Bb4+ 4.Bd2 Qe7 5.g3 Nc6 6.Nc3 Bxc3 7.Bxc3 Ne4 8.Rc1 Nxc3
9.Rxc3 d6 10.d5 Nb8 11.dxe6 fxe6 12.Bg2 O-O 13.O-O Nd7 14.Nd4 Nf6 15.Nc2 e5
16.Ne3 c6 17.Rd3 Rd8 18.Qd2 Be6 19.Rd1 Ne8 20.b4 a6 21.a4 Qc7 22.h4 Qf7 23.Qc3 a5
24.b5 Qc7 25.Qb2 Qb6 26.Qa3 Rdc8 27.Rb3 Qc7 28.Qb2 Rab8 29.Rb1 cxb5 30.Rxb5 Nf6
31.Bxb7 Re8 32.Bc6 Rxb5 33.axb5 Rd8 34.Qa3 h5 35.Ra1 d5 36.cxd5 Nxd5 37.Nxd5 Bxd5
38.Qxa5  1-0

[Event "16th Open A"]
[Site "Zadar CRO"]
[Date "2009.12.18"]
[Round "8"]
[White "Dimitrov,R"]
[Black "Gagarin,V"]
[Result "1/2-1/2"]
[WhiteElo "2380"]
[BlackElo "2422"]

1.d4 Nf6 2.c4 e6 3.Nf3 Bb4+ 4.Bd2 Qe7 5.a3 Bxd2+ 6.Nbxd2 d6 7.e4 e5 8.Bd3 O-O
9.O-O a5 10.c5 dxc5 11.dxe5 Ng4 12.e6 Bxe6 13.e5 Nc6 14.Re1 Rad8 15.Qc2 g6
16.h3 Nh6 17.Ne4 b6 18.Nf6+ Kg7 19.Ng5 Rh8 20.f4 Ng8 21.Nge4 h5 22.Rad1 h4
23.Qf2 Nd4 24.Bb1 Nf5 25.Kh2 Ngh6 26.Bc2 Rxd1 27.Bxd1 Rd8 28.Bf3 Rd4 29.Bg4 Qd8
30.Bxf5 Nxf5 31.Qf3 Bd5 32.Qg4 Bxe4 33.Nxe4 Rd3 34.Nf6 Qd4 35.Nh5+ Kf8 36.e6 Qf2
37.e7+ Nxe7 38.Qg5 gxh5 39.Qxe7+ Kg8 40.Qg5+ Kh7 41.Qxh5+ Kg7 42.Qg5+ Kh7
43.Qh5+ Kg7 44.Qg5+ Kh7  1/2-1/2

[Event "9th Amplico Life Rapid"]
[Site "Warsaw POL"]
[Date "2009.12.19"]
[Round "3"]
[White "Kuraszkiewicz,M"]
[Black "Rozentalis,E"]
[Result "0-1"]
[WhiteElo "2299"]
[BlackElo "2611"]

1.d4 Nf6 2.c4 e6 3.Nf3 Bb4+ 4.Bd2 c5 5.g3 Qb6 6.Bg2 cxd4 7.O-O Bxd2 8.Qxd2 Nc6
9.Na3 O-O 10.Rab1 e5 11.Nc2 a5 12.e3 d3 13.Na3 e4 14.Ng5 Re8 15.f3 exf3 16.Rxf3 Ne5
17.Rf4 h6 18.Ne4 Nxe4 19.Bxe4 d6 20.Bxd3 Bg4 21.Be4 Rac8 22.Bd5 Be6 23.Qd4 Rc5
24.Bxe6 Rxe6 25.b3 Qc6 26.Rbf1 d5 27.Rf5 f6 28.R5f2 dxc4 29.Nxc4 Nxc4 30.bxc4 Rxc4
31.Qd8+ Re8 32.Qxa5 Rxe3 33.Qd8+ Kh7 34.Qf8 Rcc3 35.Qb8 Qe4 36.Qf4 b5 37.Rb1 b4
38.Qxe4+ Rxe4 39.Rfb2 Rcc4 40.Rd1 h5 41.Rd7 Kh6 42.Kg2 h4 43.Ra7 g6 44.a3 bxa3
45.Rxa3 f5 46.Ra8 hxg3 47.hxg3 Kh5 48.Ra3 Kg4 49.Rf2 Re1 50.Rb2 g5 51.Rf2 Rec1
52.Rc2 R4xc2+  0-1

[Event "9th Amplico Life Rapid"]
[Site "Warsaw POL"]
[Date "2009.12.19"]
[Round "7"]
[White "Bobula,M"]
[Black "Macieja,B"]
[Result "1/2-1/2"]
[WhiteElo "2397"]
[BlackElo "2627"]

1.d4 Nf6 2.c4 e6 3.Nf3 Bb4+ 4.Bd2 Qe7 5.g3 Nc6 6.Bg2 Bxd2+ 7.Nbxd2 d6 8.O-O a5
9.e4 e5 10.d5 Nb8 11.Qc2 O-O 12.Ne1 Na6 13.Nd3 c6 14.dxc6 bxc6 15.c5 Nxc5
16.Nxc5 dxc5 17.Rfc1 Rd8 18.Nb3 Nd7 19.Nxc5 Nxc5 20.Qxc5 Rd1+ 21.Rxd1 Qxc5
22.Rd8+ Qf8 23.Rxf8+ Kxf8 24.Rc1 Be6 25.b3 Rd8 26.f4 Rd2 27.f5 Bd7 28.Rc5 Rxa2
29.Rxe5 f6 30.Rc5 Ke7 31.Bf1 Ra3 32.Kf2 Kd6 33.Rc3 Ra2+ 34.Be2 Be8 35.Ke3 Bf7
36.h4 Rb2 37.Bd1 c5 38.g4 Rh2 39.h5 h6 40.Rd3+ Kc7 41.e5 fxe5 42.Ke4 Rh1
43.Kxe5 Re1+ 44.Kf4 Rf1+ 45.Ke5 Be8 46.Bf3 Bb5 47.Rc3 Kb6 48.Kd6 Rf2 49.Ke7 Rd2
50.Kf8 Rd7 51.Re3 c4 52.Re6+ Kc5 53.Re5+ Kb4 54.bxc4 Bxc4 55.Bc6 Rc7 56.Be8 a4
57.Bxa4 Kxa4 58.Re7 Rxe7 59.Kxe7 Be2  1/2-1/2

[Event "Tata Steel TCh-Asia"]
[Site "Kolkata IND"]
[Date "2009.12.27"]
[Round "6"]
[White "Ghaem Maghami,E"]
[Black "Hapuarachchi,H"]
[Result "1-0"]
[WhiteElo "2603"]
[BlackElo "2019"]

1.d4 Nf6 2.c4 e6 3.Nf3 Bb4+ 4.Bd2 Qe7 5.g3 O-O 6.Bg2 Nc6 7.O-O Bxd2 8.Qxd2 e5
9.d5 Nb8 10.d6 cxd6 11.Nc3 a6 12.Rfd1 Nc6 13.Nd5 Qd8 14.Nxf6+ Qxf6 15.Ng5 Rb8
16.Ne4 Qe6 17.Nxd6 Nd4 18.Nxc8 Rfxc8 19.e3 Nc6 20.Qxd7 Qf6 21.Qd6 Qg5 22.Rd5 Rd8
23.Qc5 Qf6 24.Rad1 Rbc8 25.Rxd8+ Rxd8 26.Rxd8+ Nxd8 27.Qc8 g6 28.Bxb7 Kg7
29.Bd5 e4 30.h4 Ne6 31.Bxe6 fxe6 32.Qc7+ Kg8 33.Qb8+  1-0

[Event "IX Gema Open"]
[Site "Mondariz ESP"]
[Date "2009.12.27"]
[Round "2"]
[White "Montes Gutierrez,I"]
[Black "Larino Nieto,D"]
[Result "0-1"]
[WhiteElo "2154"]
[BlackElo "2467"]

1.d4 e6 2.Nf3 Nf6 3.c4 Bb4+ 4.Bd2 a5 5.g3 b6 6.Bg2 Bb7 7.O-O O-O 8.Bf4 Re8
9.a3 Bf8 10.Nc3 d6 11.d5 e5 12.Bg5 h6 13.Bxf6 Qxf6 14.Nd2 Nd7 15.Qc2 g6 16.b4 Bg7
17.e4 h5 18.Nb5 Rec8 19.Bh3 Qe7 20.bxa5 Rxa5 21.Nb3 Raa8 22.Rfd1 c6 23.dxc6 Rxc6
24.Qd3 Bf8 25.a4 Nf6 26.a5 bxa5 27.Nxa5 Rca6 28.Nxb7 Rxa1 29.N7xd6 Rxd1+
30.Qxd1 Rd8 31.c5 Nxe4 32.Qd5 Ng5 33.Bg2 Ne6 34.Qxe5 Nxc5 35.Qxc5 Qe1+ 36.Bf1 Bxd6
37.Nxd6 Qe7 38.Bc4 Rxd6 39.Qc8+ Kg7 40.Qa8 Rd1+ 41.Kg2 Qe1 42.Qa2 Rd2  0-1

[Event "59th ch-RUS w"]
[Site "Moscow RUS"]
[Date "2009.12.27"]
[Round "7"]
[White "Gunina,V"]
[Black "Pogonina,N"]
[Result "1-0"]
[WhiteElo "2446"]
[BlackElo "2501"]

1.d4 Nf6 2.Nf3 e6 3.c4 Bb4+ 4.Bd2 c5 5.Bxb4 cxb4 6.Nbd2 O-O 7.e3 d6 8.Bd3 b6
9.O-O Bb7 10.Qa4 a5 11.Rac1 Na6 12.Rfd1 Qc7 13.Qc2 e5 14.Ne4 Bxe4 15.Bxe4 Rac8
16.Bf5 Rcd8 17.Qa4 Nb8 18.a3 Nc6 19.g3 g6 20.Bh3 bxa3 21.bxa3 exd4 22.exd4 Nb8
23.Qb5 Nbd7 24.Nd2 Rfe8 25.Nf1 Ne4 26.Ne3 Ndf6 27.Re1 d5 28.Nxd5 Nxd5 29.cxd5 Qd6
30.Re3 Nf6 31.Rc6 Qxd5 32.Qxb6 Ne4 33.Bg2 f5 34.Bxe4 Rxe4 35.Rxe4 fxe4 36.Re6 Rd7
37.Re5 Qxd4 38.Qxd4 Rxd4 39.Rxa5 Rd1+ 40.Kg2 Rd2 41.Kf1 Kg7 42.Ra7+ Kf6 43.Rxh7 Ra2
44.Ra7 e3 45.fxe3 Rxh2 46.Ra5 Ra2 47.a4 Ke6 48.g4 Kf6 49.g5+ Ke6 50.Ke1 Kd6
51.Kd1 Ke6 52.e4 Kd6 53.Kc1 Ke6 54.Kb1 Re2 55.Ra6+ Ke5 56.Rxg6 Rxe4 57.a5 Ra4
58.a6 Kf5 59.Rc6 Kxg5 60.Kb2 Kf5 61.Kb3 Ra1 62.Kc4 Ke5 63.Kc5 Ra2 64.Rh6 Ra1
65.Kb6 Kd5 66.a7 Rb1+ 67.Kc7 Ra1 68.Kb7  1-0

[Event "18th Donau Open"]
[Site "Aschach AUT"]
[Date "2009.12.29"]
[Round "5"]
[White "Studnicka,Toma"]
[Black "Krejci,Jan2"]
[Result "0-1"]
[WhiteElo "2320"]
[BlackElo "2458"]

1.d4 Nf6 2.c4 e6 3.Nf3 Bb4+ 4.Bd2 c5 5.Bxb4 cxb4 6.Qd3 d6 7.g3 O-O 8.Bg2 Nc6
9.d5 Na5 10.Nfd2 Ng4 11.Qd4 e5 12.Qd3 Qb6 13.O-O f5 14.Nb3 e4 15.Qc2 Nxb3
16.Qxb3 f4 17.h3 fxg3 18.Qxg3 Qd4 19.hxg4 Qxb2 20.Na3 bxa3 21.e3 Qe2 22.Bxe4 Qxc4
23.f3 Qc3 24.Rae1 b6 25.Qxd6 Ba6 26.Qh2 g6 27.Rc1 Qxe3+ 28.Qf2 Qf4 29.Rfe1 Rad8
30.Qh2 Qxh2+ 31.Kxh2 Bb7 32.Rc7 Rf7 33.Rxf7 Kxf7 34.Rd1 b5 35.Kg3 g5 36.Rh1 Bxd5
37.Rxh7+ Kg8 38.Rh5 Bxe4 39.Rxg5+ Kf7 40.fxe4 a6 41.Rf5+ Kg6 42.Rf2 b4 43.Rc2 a5
44.Kf4 a4 45.Rc6+ Kg7 46.Ra6 b3 47.axb3 Rd4 48.Ra7+ Kf8 49.Ra8+ Ke7 50.Ra7+ Kd6
51.Ke3 Rb4 52.Kd2 a2 53.e5+ Ke6 54.Kc3 Rxb3+  0-1

[Event "11th Christmas Open"]
[Site "Litomysl CZE"]
[Date "2009.12.31"]
[Round "7"]
[White "Jedlicka,A"]
[Black "Blazkova,P"]
[Result "1/2-1/2"]
[WhiteElo "2320"]
[BlackElo "2178"]

1.d4 Nf6 2.Nf3 e6 3.c4 Bb4+ 4.Bd2 Qe7 5.g3 Nc6 6.Nc3 Bxc3 7.Bxc3 Ne4 8.Rc1 d6
9.Bg2 O-O 10.d5 Nxc3 11.Rxc3 Nb8 12.dxe6 fxe6 13.O-O Nc6 14.Ne1 e5 15.Nc2 Nd8
16.c5 dxc5 17.Qd5+ Nf7 18.Qxc5 Qxc5 19.Rxc5 c6 20.Ne3 Be6 21.a4 Rfd8 22.b4 Rd2
23.b5 cxb5 24.axb5 Rxe2 25.Bxb7 Rd8 26.Rfc1 Ng5 27.Bg2 Nh3+ 28.Bxh3 Bxh3
29.Rxe5 Rf8 30.Rh5 Bc8 31.Nd5 Bg4 32.Rg5 Bf3 33.Nf4 Re4 34.Rgc5 Rfe8 35.Rc8 h6
36.Nd5 Kh7 37.Rxe8 Rxe8 38.Nc7 Re5 39.h4 g5 40.hxg5 hxg5 41.g4 Re4 42.Rc3 Rxg4+
43.Kf1 Bg2+ 44.Ke2 Re4+ 45.Kd3 Re7 46.Rc5 Kg6 47.Rc1 Rd7+ 48.Ke3 Re7+ 49.Kd3 Rd7+
50.Ke3  1/2-1/2

[Event "Meister Open"]
[Site "Basel SUI"]
[Date "2010.01.02"]
[Round "2"]
[White "Lutz,B"]
[Black "Dgebuadze,A"]
[Result "0-1"]
[WhiteElo "2301"]
[BlackElo "2546"]

1.d4 e6 2.c4 Nf6 3.Nf3 Bb4+ 4.Bd2 a5 5.g3 b6 6.Bg2 Bb7 7.O-O Bxd2 8.Qxd2 d6
9.Nc3 Nbd7 10.Qc2 O-O 11.a3 Re8 12.b4 h6 13.e4 e5 14.d5 Qe7 15.Nh4 g6 16.Nb5 Rec8
17.Qd2 Kh7 18.Rfd1 Ba6 19.f3 Bxb5 20.cxb5 Ra7 21.Rac1 axb4 22.axb4 Rca8 23.Rc2 Nh5
24.Bh3 Ndf6 25.Rdc1 Ne8 26.Ng2 Ra3 27.Rc3 R3a4 28.Rc4 R8a7 29.Bc8 Ra3 30.R4c3 Ra2
31.R3c2 Rxc2 32.Rxc2 Ra3 33.Rc3 Rxc3 34.Qxc3 Qd8 35.Bb7 Neg7 36.Ne3 f5 37.exf5 Nxf5
38.Nxf5 gxf5 39.Qc2 Kg6 40.Kf1 Nf6 41.Ke2 e4 42.f4 Kf7 43.Qc4 Ng4 44.h3 Nf6
45.Qc3 Ke7 46.g4 fxg4 47.hxg4 Kf7 48.g5 hxg5 49.fxg5 Nh7 50.Qh3 Nxg5 51.Qh5+ Kg7
52.Bc8 Qf6 53.Bg4 Qf4 54.Bd7 Qf3+ 55.Qxf3 exf3+ 56.Ke3 Kf6 57.Bc6 Ke5  0-1

[Event "ch-NZL"]
[Site "Auckland NZL"]
[Date "2010.01.07"]
[Round "6"]
[White "Davis,J"]
[Black "Steffenello,L"]
[Result "0-1"]
[WhiteElo "1939"]
[BlackElo "2184"]

1.d4 Nf6 2.Nf3 e6 3.c4 Bb4+ 4.Bd2 Qe7 5.g3 O-O 6.Bg2 Nc6 7.O-O Bxd2 8.Nbxd2 d6
9.e4 e5 10.d5 Nb8 11.b4 a5 12.a3 Na6 13.Ne1 Bg4 14.f3 Bd7 15.Nd3 axb4 16.axb4 c6
17.Qb3 Nc7 18.Qb2 cxd5 19.exd5 b5 20.c5 Ncxd5 21.Rxa8 Rxa8 22.cxd6 Qxd6 23.Qxe5 Qb6+
24.Kh1 Re8 25.Qa1 Qe3 26.Nc5 Qxd2 27.Nxd7 Nxd7 28.Qd1 Qxd1 29.Rxd1 N7f6 30.Bf1 Ne3
31.Rc1 Nxf1 32.Rxf1 Rc8 33.Ra1 Kf8 34.Ra5 Rb8 35.Ra1 Nd5 36.Rb1 Rc8 37.Ra1 Nxb4
38.Ra7 Rb8 39.Rd7 Nc6 40.Rc7 Rb6 41.Rc8+ Ke7 42.Rc7+ Ke6 43.Rc8 b4 44.Re8+ Kd5
45.Re1 b3 46.Kg1 b2 47.Rb1 Kc4 48.Kf1 Kd3 49.Ke1 Kc2  0-1

[Event "15th Open"]
[Site "Bosnjaci CRO"]
[Date "2010.01.08"]
[Round "8"]
[White "Zaja,I"]
[Black "Saric,A"]
[Result "1/2-1/2"]
[WhiteElo "2471"]
[BlackElo "2480"]

1.d4 Nf6 2.c4 e6 3.Nf3 Bb4+ 4.Bd2 Bxd2+ 5.Qxd2 d5 6.Nc3 O-O 7.e3 Qe7 8.cxd5 exd5
9.Bd3 Nbd7 10.O-O b6 11.Rac1  1/2-1/2

[Event "ch-NZL"]
[Site "Auckland NZL"]
[Date "2010.01.10"]
[Round "9"]
[White "Han,Da"]
[Black "Watson,B"]
[Result "1/2-1/2"]
[WhiteElo "2200"]
[BlackElo "2270"]

1.d4 Nf6 2.c4 e6 3.Nf3 Bb4+ 4.Bd2 c5 5.Nc3 O-O 6.g3 d5 7.cxd5 exd5 8.Bg2 Nc6
9.a3 Bxc3 10.bxc3 Bf5 11.O-O Be4 12.dxc5 Nd7 13.Be3 Qe7 14.c4 dxc4 15.Rc1 Rfd8
16.Qe1 Bd5 17.Nd2 Bxg2 18.Kxg2 Nxc5 19.Rxc4 Ne6 20.Qa1 Rd5 21.Rfc1 Rad8 22.Nf3 Qd7
23.Qb2 h6 24.Qc3 Rd1 25.Qb2 Rxc1 26.Rxc1 Qe7  1/2-1/2